Datum a čas kvízu
27
Celkem bodů
Celkový počet nahraných bodů na tomto kvízu bez doplňovacích otázek.
7.
Pořadí na kvízu
Konečné umístění týmu na tomto kvízu.
Zaznamenané odpovědi
| # | Otázka | Odpověď | Body | Výsledky |
|---|---|---|---|---|
| 1. | Od pondělí do čtvrtka brázdila... | Formule 1 | 1 | |
| 2. | Společnost Air Baltic spustila... | Kunda | 1 | |
| 3. | 39letá americká zpěvačka natoč... | Katy Perry | 1 | |
| 4. | Ve čtvrtek byla v aukci v Los... | klobouk (Indiany Jonese) | 0 | |
| 5. | 21letá Andrea Klementová z Tře... | přeplavala kanál La Manche | 1 | |
| 6. | Ve kterém americkém filmu z ro... | Ladíme! (Pitch Perfect) | 1 | |
| 7. | Francouzská hudební komedie s... | Piti Piti Pa | 0 | |
| 8. | V hudební animované pohádce Tr... | Justin Timberlake | 1 | |
| 9. | Horečka sobotní noci se pojí s... | Bee Gees | 1 | |
| 10. | Který hudební film s Karlem Go... | Hvězda padá vzhůru | 0 |